| 000 | 00698nam a2200205 u 4500 | ||
|---|---|---|---|
| 005 | 20210223133215.0 | ||
| 008 | 170307s2014 mx r 000 0 spa d | ||
| 020 | _a9786074272635 | ||
| 035 | _aUPN01000216564 | ||
| 049 | _aCG | ||
| 050 | 4 |
_aHB931 _bC6.2 |
|
| 110 | 2 | _aConsejo Nacional de Población (México) | |
| 245 | 1 | 0 |
_a40 años del Consejo Nacional de Población / _cConsejo Nacional de Población ; coord. Patricia Chemor Ruiz. |
| 260 |
_aMéxico : _bCONAPO, _c2014. |
||
| 300 |
_a206, [16] p. : _bil. col., tablas, gráfs. |
||
| 610 | 2 | 4 |
_aCONSEJO NACIONAL DE POBLACION (MEXICO) - _vINFORMES _912096 |
| 700 | 1 |
_aChemor Ruiz, Patricia, _ecoord. |
|
| 905 | _aLibro | ||
| 999 |
_c188664 _d188664 |
||